| 000 | 00985nam a22002057a 4500 | ||
|---|---|---|---|
| 999 |
_c64147 _d64147 |
||
| 003 | Ge_BSU | ||
| 005 | 20260416162514.0 | ||
| 008 | 260416s1995 ge ||||| |||| 00| 0 geo d | ||
| 020 | _a5520015899 | ||
| 041 | _ageo | ||
| 080 | _a339.138(075.8) ბ-83 | ||
| 100 |
_aბოლოკაძე, ესტატე _927330 |
||
| 245 |
_aმარკეტინგი : _b[სახელმძღვ. ეკონ. ფაკ. სტუდ. / _c რედ.: მამია ღაღანიძე]; თსუ, საქონელმიმოქცევის ეკონომიკისა და მარკეტინგის კათედრა. |
||
| 264 |
_aთბ. : _bსიახლე, _c1995. |
||
| 300 |
_a424 გვ. ; _b20 სმ. |
||
| 504 | _aბიბლიოგრ.: გვ. 416-418 | ||
| 653 | _aმარკეტინგი | ||
| 700 |
_aღაღანიძე, მამია _eრედაქტორი _926088 |
||
| 942 |
_2udc _cᲬᲘᲒᲜᲘ |
||